00351nam a2200145Ia 4500008004100000020001500041041000800056082001900064100001900083245002900102250000600131260004300137300001100180650001400191210716s2007 xx 000 0 und d a8126511311 aeng a005.26301 WANW aWang, Wallace. aOffice 2007 for dummies. a1 aNew DelhibWiley Publishing Inc.c2007 axx,410 aMS Office